000 00255nam a22001217a 4500
008 180913b xxu||||| |||| 00| 0 eng d
041 _aeng
080 _a510
100 _a37
101 _aMAT
245 _aCollege Algebra
_cBarker.A
942 _2udc
_cBK
999 _c47729
_d47729